[Event "EU-ch Blitz"]
[Site "Zagreb"]
[Date "2023.12.16"]
[Round "9"]
[White "Baidetsky, Valentin"]
[Black "Brinovec, David"]
[Result "1-0"]
[WhiteElo "2488"]
[BlackElo "2374"]
[PlyCount "87"]
[EventDate "2023.12.16"]
[EventType "swiss (blitz)"]
[EventRounds "13"]
[EventCountry "CRO"]
[SourceTitle "CB51_2023"]
[SourceDate "2023.12.20"]
[SourceVersion "1"]
[SourceVersionDate "2023.12.20"]
[SourceQuality "1"]

1. e4 e5 2. Nf3 Nc6 3. Bc4 Bc5 4. d3 Nf6 5. Bg5 0-0 6. 0-0 h6 7. Bh4 Be7 8. Bg3 d6 9. a4 Bg4 10. Nbd2 Qd7 11. h3 Bh5 12. a5 a6 13. c3 Nh7 14. Qb3 Rab8 15. d4 Ng5 16. dxe5 Nxe5 17. Bxe5 dxe5 18. Be2 Bxf3 19. Nxf3 Nxe4 20. Nxe5 Qf5 21. Nf3 Bc5 22. Bd3 Qf4 23. Qc4 Nxf2 24. Rxf2 Bxf2+ 25. Kxf2 Qf6 26. Re1 b5 27. Qe4 g6 28. Qe5 Kg7 29. Qxc7 b4 30. Qe5 bxc3 31. bxc3 Rfc8 32. Qxf6+ Kxf6 33. Bxa6 Rxc3 34. Ra1 Rb2+ 35. Be2 Rcc2 36. Nd4 Rd2 37. Ke3 Rxd4 38. Kxd4 Rxe2 39. a6 Re8 40. a7 Ra8 41. Ra5 g5 42. g4 Kg6 43. Kc5 h5 44. Kb6 1-0

[Event "SLO-chT 32nd"]
[Site "Ljubljana"]
[Date "2022.09.11"]
[Round "6.4"]
[White "Murko, David"]
[Black "Brinovec, David"]
[Result "1/2-1/2"]
[WhiteElo "2235"]
[BlackElo "2314"]
[PlyCount "129"]
[EventDate "2022.09.02"]
[EventType "team-tourn"]
[EventRounds "9"]
[EventCountry "SLO"]
[SourceTitle "EXT 2023"]
[Source "ChessBase"]
[SourceDate "2022.10.05"]
[SourceVersion "1"]
[SourceVersionDate "2022.10.05"]
[SourceQuality "1"]
[WhiteTeam "Ptuj"]
[BlackTeam "Zalec"]
[WhiteTeamCountry "SLO"]
[BlackTeamCountry "SVK"]

1. e4 e5 2. Nf3 Nc6 3. Bb5 Nf6 4. d3 Bc5 5. Bxc6 dxc6 6. Nbd2 Be6 7. 0-0 Nd7 8. Nb3 Bb6 9. Ng5 Bxb3 10. axb3 f6 11. Nf3 Qe7 12. Nd2 Nc5 13. Nc4 Ne6 14. Kh1 a6 15. f4 exf4 16. Bxf4 Nxf4 17. Rxf4 0-0 18. Nxb6 cxb6 19. Qf3 Qc5 20. Qf2 a5 21. Qxc5 bxc5 22. Kg1 Ra7 23. Kf2 b6 24. Ke3 Rfa8 25. Rff1 Kf7 26. Ra3 Ke6 27. c3 Rd7 28. Rd1 Rad8 29. Ra4 Rd6 30. Rd2 h5 31. Rc4 f5 32. exf5+ Kxf5 33. Re4 Kg6 34. Re5 Rf8 35. Re2 Rf1 36. Kd2 Rdf6 37. Re1 h4 38. h3 R6f2+ 39. R5e2 Kf5 40. Rxf2+ Rxf2+ 41. Re2 Rf1 42. Re1 Rf2+ 43. Re2 Rf1 44. Re1 Rxe1 45. Kxe1 Kf4 46. Kf2 b5 47. Ke2 Kg3 48. Kf1 g6 49. Kg1 g5 50. Kf1 g4 51. hxg4 Kxg4 52. Kf2 Kf4 53. Ke2 Kg3 54. Kf1 Kg4 55. Kf2 Kf4 56. Ke2 c4 57. dxc4 bxc4 58. bxc4 a4 59. Kf2 Ke4 60. Ke2 c5 61. Kd2 Kf4 62. Ke2 Kg3 63. Kf1 Kg4 64. Ke2 Kg3 65. Kf1 1/2-1/2

[Event "SLO-chT NML 31st"]
[Site "Ptuj/Grosuplje"]
[Date "2021.10.17"]
[Round "6.2"]
[White "Brinovec, David"]
[Black "Brumen, Dinko"]
[Result "1/2-1/2"]
[WhiteElo "2268"]
[BlackElo "2329"]
[PlyCount "163"]
[EventDate "2021.10.08"]
[EventType "team-tourn"]
[EventRounds "9"]
[EventCountry "SLO"]
[SourceTitle "EXT 2023"]
[Source "ChessBase"]
[SourceDate "2022.10.05"]
[SourceVersion "1"]
[SourceVersionDate "2022.10.05"]
[SourceQuality "1"]
[WhiteTeam "Zalec"]
[BlackTeam "Krsko Triglav"]
[WhiteTeamCountry "SLO"]
[BlackTeamCountry "SLO"]

1. e4 e6 2. d4 d5 3. exd5 exd5 4. c4 c6 5. Nc3 Nf6 6. Nf3 Be7 7. Bd3 0-0 8. 0-0 Bg4 9. Be3 dxc4 10. Bxc4 Nbd7 11. h3 Bh5 12. g4 Bg6 13. Ne5 Nb6 14. Bb3 Nbd5 15. Nxg6 hxg6 16. Qf3 Bd6 17. Bg5 Qa5 18. Bd2 Qb6 19. Nxd5 Nxd5 20. Bxd5 cxd5 21. Qxd5 Rad8 22. Qf3 Qxb2 23. Be3 b6 24. a4 f5 25. Bg5 Rd7 26. Rad1 Bb8 27. Bc1 Qc2 28. Ba3 Qc7 29. Rfe1 Qh2+ 30. Kf1 Rfd8 31. d5 fxg4 32. hxg4 Bd6 33. Bxd6 Rxd6 34. Re7 Rf6 35. Qg2 Qb8 36. Rde1 a5 37. Kg1 Rdf8 38. R7e6 Rxf2 39. Qxf2 Rxf2 40. Kxf2 Qf4+ 41. Ke2 Qc4+ 42. Kf3 Qxd5+ 43. R1e4 b5 44. Re8+ Kh7 45. g5 Qxg5 46. axb5 Qf5+ 47. Kg3 g5 48. R8e5 Qf6 49. Kg4 a4 50. Re8 Qf1 51. Kxg5 Qxb5+ 52. R8e5 Qc6 53. Rh4+ Kg8 54. Rhe4 Qf6+ 55. Kg4 Qa6 56. Kg5 Qh6+ 57. Kg4 Qg6+ 58. Kf4 Qc6 59. Kg5 Qc1+ 60. Kf5 Qf1+ 61. Kg5 Qg2+ 62. Kf5 Qf3+ 63. Kg5 Qf6+ 64. Kg4 Kh7 65. Rh5+ Kg8 66. Rhe5 Qg6+ 67. Kf4 Qb6 68. Kg5 Qg1+ 69. Kf5 Qa7 70. Kg6 Qf7+ 71. Kg5 Qf6+ 72. Kg4 a3 73. Re6 Qf2 74. Re8+ Kf7 75. Ra8 Qg2+ 76. Kf5 Qh3+ 77. Kf4 Qh2+ 78. Kf3 Qh1+ 79. Ke3 Qc1+ 80. Ke2 Qc2+ 81. Ke3 Qc5+ 82. Ke2 1/2-1/2

[Event "Otocec Krka Terme op"]
[Site "Otocec"]
[Date "2021.07.04"]
[Round "3"]
[White "Brinovec, David"]
[Black "Olenik Campa, Rudi"]
[Result "1/2-1/2"]
[WhiteElo "2275"]
[BlackElo "2172"]
[PlyCount "93"]
[EventDate "2021.07.03"]
[EventType "swiss"]
[EventRounds "9"]
[EventCountry "SLO"]
[SourceTitle "CBM 203 Extra"]
[Source "ChessBase"]
[SourceDate "2021.09.30"]
[SourceVersion "1"]
[SourceVersionDate "2021.09.30"]
[SourceQuality "1"]

1. d4 Nf6 2. Bf4 d5 3. e3 c5 4. c3 Nc6 5. Nd2 g6 6. Bd3 Bg7 7. h4 Nh5 8. Bh2 e5 9. g4 Nf6 10. g5 Ng8 11. dxe5 Bxe5 12. f4 Bg7 13. Qe2 f5 14. Ngf3 Be6 15. 0-0 c4 16. Bc2 Nge7 17. Nd4 Nxd4 18. exd4 Kf7 19. Rae1 Qd6 20. Rf3 Nc6 21. Re3 Rhe8 22. Nf3 b5 23. h5 Bd7 24. h6 Bf8 25. Ne5+ Nxe5 26. Rxe5 Rxe5 27. dxe5 Qb6+ 28. Kf1 Be6 29. Bg1 Bc5 30. Bxc5 Qxc5 31. Qf2 Qc6 32. Qd4 a5 33. Bd1 Qc7 34. Bf3 Rd8 35. Rd1 a4 36. b3 cxb3 37. axb3 axb3 38. Rb1 Qc4+ 39. Be2 Qa4 40. Bd1 Qc4+ 41. Ke1 b4 42. Rxb3 bxc3 43. Rb7+ Kg8 44. Qa7 Qe4+ 45. Be2 Qh1+ 46. Bf1 Qe4+ 47. Be2 1/2-1/2

[Event "SLO-chT 30th"]
[Site "Gostovanja"]
[Date "2020.10.10"]
[Round "4.2"]
[White "Brinovec, David"]
[Black "Suta, Andraz"]
[Result "0-1"]
[WhiteElo "2244"]
[BlackElo "2250"]
[PlyCount "98"]
[EventDate "2020.10.02"]
[EventType "team-tourn"]
[EventRounds "5"]
[EventCountry "SLO"]
[SourceTitle "CBM 198 Extra"]
[Source "ChessBase"]
[SourceDate "2020.11.30"]
[SourceVersion "1"]
[SourceVersionDate "2020.11.30"]
[SourceQuality "1"]
[WhiteTeam "Zalec"]
[BlackTeam "Ptuj"]
[WhiteTeamCountry "SLO"]
[BlackTeamCountry "SLO"]

1. d4 Nf6 2. Bf4 d5 3. e3 g6 4. Nc3 Bg7 5. h4 h5 6. Nf3 0-0 7. Ne5 c5 8. Qd2 Qa5 9. f3 Nc6 10. Be2 cxd4 11. exd4 Nd7 12. Nxc6 bxc6 13. g4 e5 14. dxe5 Nxe5 15. gxh5 Ba6 16. h6 Bxe2 17. Qxe2 Rfe8 18. 0-0 Qb4 19. Qh2 Bf6 20. h7+ Kh8 21. Rab1 Re6 22. Bg5 Bxg5 23. hxg5 Rae8 24. Qg3 Nc4 25. Qf4 Qc5+ 26. Kh1 Qe7 27. b3 Ne3 28. Rf2 Nf5 29. Rbf1 Re1 30. Kh2 Kxh7 31. Rxe1 Qxe1 32. Qd2 Qe5+ 33. f4 Qh8 34. Re2 Rxe2+ 35. Nxe2 Kg8+ 36. Kg2 Qh5 37. Qd3 Qg4+ 38. Kf1 Qh4 39. Qf3 d4 40. Kg1 Qe1+ 41. Kh2 Nh4 42. Qe4 Qf2+ 43. Kh3 Nf5 44. Qe8+ Kg7 45. Qe5+ Kh7 46. Qe8 Qh4+ 47. Kg2 Ne3+ 48. Kf3 Qh1+ 49. Kf2 Qg2+ 0-1

[Event "Portoroz Nat Festival 30th"]
[Site "Portoroz"]
[Date "2020.09.07"]
[Round "7"]
[White "Brinovec, David"]
[Black "Kastelic, Marian"]
[Result "0-1"]
[WhiteElo "2245"]
[BlackElo "2286"]
[PlyCount "120"]
[EventDate "2020.09.03"]
[EventType "swiss"]
[EventRounds "9"]
[EventCountry "SLO"]
[SourceTitle "CBM 198 Extra"]
[Source "ChessBase"]
[SourceDate "2020.11.30"]
[SourceVersion "1"]
[SourceVersionDate "2020.11.30"]
[SourceQuality "1"]

1. e4 c6 2. d4 d5 3. exd5 cxd5 4. c4 Nf6 5. Nc3 Nc6 6. Bg5 dxc4 7. d5 Na5 8. Bxf6 exf6 9. Bxc4 Nxc4 10. Qa4+ Bd7 11. Qxc4 Bd6 12. Nge2 0-0 13. 0-0 f5 14. Nb5 Be5 15. Nbd4 Qb6 16. Rfd1 Rfe8 17. Rd2 Bxh2+ 18. Kf1 Be5 19. Qb3 Qxb3 20. axb3 a6 21. g3 Rad8 22. Rc1 g6 23. f4 Bd6 24. Kf2 h5 25. Rd3 Bb8 26. Kf3 Re7 27. Nc3 Be8 28. Rcd1 Rd6 29. Nc2 Ba7 30. Na3 b5 31. Nc2 Rc7 32. Ra1 Bc5 33. b4 Ba7 34. Rd2 Rc4 35. Ra3 Kf8 36. Rd1 Bd7 37. Rd2 Bb8 38. Rd4 Rc8 39. Rd1 Rb6 40. Rda1 h4 41. Rxa6 Rxa6 42. Rxa6 hxg3 43. Kxg3 Ke7 44. Nd4 Rc4 45. Nc6+ Bxc6 46. dxc6 Bxf4+ 47. Kf3 g5 48. Ra7+ Ke6 49. Nxb5 Rxb4 50. Rb7 g4+ 51. Ke2 Rxb2+ 52. Kd3 Rd2+ 53. Kc3 Rd8 54. c7 Rc8 55. Kd3 Be5 56. Nd4+ Kf6 57. Rb6+ Kg5 58. Nb5 Bxc7 59. Rb7 Be5 60. Rxf7 Rc5 0-1

[Event "Graz op-A"]
[Site "Graz"]
[Date "2020.02.18"]
[Round "6"]
[White "Brinovec, David"]
[Black "Regez, Markus"]
[Result "0-1"]
[WhiteElo "2279"]
[BlackElo "2144"]
[PlyCount "150"]
[EventDate "2020.02.14"]
[EventType "swiss"]
[EventRounds "9"]
[EventCountry "AUT"]
[SourceTitle "CBM 195 Extra"]
[Source "ChessBase"]
[SourceDate "2020.05.31"]
[SourceVersion "1"]
[SourceVersionDate "2020.05.31"]
[SourceQuality "1"]

1. e4 c5 2. c3 d5 3. exd5 Qxd5 4. d4 g6 5. Be2 cxd4 6. Nf3 Bg7 7. cxd4 Nh6 8. Nc3 Qd8 9. Bf4 0-0 10. 0-0 Nf5 11. Be5 Bh6 12. h3 Nc6 13. g4 f6 14. gxf5 fxe5 15. d5 Nd4 16. Nxe5 Nxe2+ 17. Qxe2 Bxf5 18. Ng4 Bg7 19. Qe3 Qd7 20. f3 b5 21. a3 a5 22. Rae1 b4 23. axb4 axb4 24. Nd1 Qa7 25. Kg2 Qxe3 26. Rxe3 Bxg4 27. hxg4 Kf7 28. Rfe1 Bf6 29. f4 h6 30. Rb3 Ra1 31. Rh1 Rc8 32. Ne3 Rxh1 33. Kxh1 Bd4 34. Ng2 Rc1+ 35. Kh2 Bc5 36. Rd3 Rc2 37. b3 Bd6 38. Kg3 Rc3 39. Ne1 g5 40. Kf3 Rc1 41. Ng2 gxf4 42. Nh4 Rc3 43. Ke4 Kf6 44. Nf3 Rc2 45. Rd2 Rc3 46. Rd3 Rxd3 47. Kxd3 Kg6 48. Ke4 h5 49. gxh5+ Kxh5 50. Nh2 Kh4 51. Kf3 Kg5 52. Ke4 Bc7 53. Nf3+ Kg4 54. Nd4 Bb6 55. Nf3 Bc5 56. Nh2+ Kg3 57. Nf3 Bd6 58. Nd4 Kf2 59. Nf5 Ke2 60. Nh4 Kd2 61. Kd4 Kc2 62. Kc4 Kb2 63. Nf3 Ka3 64. Nd2 Bb8 65. Nf3 Ba7 66. Ne5 Be3 67. Nf3 Bc1 68. Nd4 Bd2 69. Nc6 f3 70. Kd3 Bg5 71. Nd4 f2 72. Ke2 Bf6 73. d6 exd6 74. Nb5+ Kxb3 75. Nxd6 Bd4 0-1

[Event "Graz op-A"]
[Site "Graz"]
[Date "2020.02.17"]
[Round "4"]
[White "Brinovec, David"]
[Black "Gavrilescu, David"]
[Result "0-1"]
[WhiteElo "2279"]
[BlackElo "2455"]
[PlyCount "76"]
[EventDate "2020.02.14"]
[EventType "swiss"]
[EventRounds "9"]
[EventCountry "AUT"]
[SourceTitle "CBM 195 Extra"]
[Source "ChessBase"]
[SourceDate "2020.05.31"]
[SourceVersion "1"]
[SourceVersionDate "2020.05.31"]
[SourceQuality "1"]

1. d4 d5 2. Bf4 c5 3. e3 cxd4 4. exd4 Nc6 5. c3 Bf5 6. Nf3 e6 7. Qb3 Qd7 8. Nbd2 f6 9. Be2 g5 10. Bg3 h5 11. h3 0-0-0 12. Qa4 Bd6 13. Bxd6 Qxd6 14. b4 Kb8 15. b5 Nce7 16. Nb3 Ng6 17. Qb4 Qxb4 18. cxb4 N8e7 19. Kd2 Nf4 20. Ne1 Nc8 21. Bf1 h4 22. f3 Nd6 23. Rc1 Rc8 24. Rc5 b6 25. Rc6 Nc4+ 26. Kc3 Ne3 27. Kd2 Nxf1+ 28. Rxf1 Kb7 29. Rf2 Rxc6 30. bxc6+ Kxc6 31. Nc2 Bxc2 32. Kxc2 Kb5 33. a3 Rc8+ 34. Kb1 Rc3 35. Kb2 Kc4 36. Nd2+ Kxd4 37. Nb3+ Ke3 38. Rf1 Rc8 0-1

[Event "Nova Gorica op 25th"]
[Site "Nova Gorica"]
[Date "2020.01.30"]
[Round "9"]
[White "Trussevich, Simon"]
[Black "Brinovec, David"]
[Result "1/2-1/2"]
[WhiteElo "2123"]
[BlackElo "2279"]
[PlyCount "99"]
[EventDate "2020.01.24"]
[EventType "swiss"]
[EventRounds "9"]
[EventCountry "SLO"]
[SourceTitle "CBM 194"]
[Source "ChessBase"]
[SourceDate "2020.01.27"]
[SourceVersion "1"]
[SourceVersionDate "2020.01.27"]
[SourceQuality "1"]

1. d4 d5 2. c4 e6 3. Nc3 c6 4. cxd5 exd5 5. Bf4 Bf5 6. e3 Bd6 7. Bxd6 Qxd6 8. Bd3 Bxd3 9. Qxd3 Nd7 10. Nf3 Ngf6 11. Qf5 0-0 12. 0-0 g6 13. Qc2 Rfe8 14. Rab1 a5 15. Rfc1 Ne4 16. Nxe4 Rxe4 17. a3 a4 18. b3 axb3 19. Rxb3 Ra7 20. a4 Re7 21. Qc3 Nf6 22. Qb4 Ne4 23. h3 f6 24. Ne1 Qxb4 25. Rxb4 Nd2 26. Nd3 Kf7 27. Nb2 Ke8 28. Rc2 Ne4 29. f3 Nd6 30. Kf2 Kd7 31. Rb3 Kc7 32. Rd3 Re8 33. Rd1 Rea8 34. Re1 f5 35. g4 Ra6 36. gxf5 Nxf5 37. Rd2 Rb6 38. e4 dxe4 39. fxe4 Nxd4 40. Nc4 Rb4 41. Rxd4 Raxa4 42. Red1 Rxc4 43. Rd7+ Kb8 44. e5 Ra2+ 45. Ke3 Ra3+ 46. R1d3 Rxd3+ 47. Kxd3 Rc1 48. Rxh7 Re1 49. Kd4 Kc8 50. Rg7 1/2-1/2

[Event "Nova Gorica op 25th"]
[Site "Nova Gorica"]
[Date "2020.01.29"]
[Round "8"]
[White "Brinovec, David"]
[Black "Pantzar, Milton"]
[Result "0-1"]
[WhiteElo "2279"]
[BlackElo "2406"]
[PlyCount "120"]
[EventDate "2020.01.24"]
[EventType "swiss"]
[EventRounds "9"]
[EventCountry "SLO"]
[SourceTitle "CBM 194"]
[Source "ChessBase"]
[SourceDate "2020.01.27"]
[SourceVersion "1"]
[SourceVersionDate "2020.01.27"]
[SourceQuality "1"]

1. d4 d5 2. Bf4 c5 3. e3 Nc6 4. c3 Bf5 5. Bd3 Bxd3 6. Qxd3 Nf6 7. Nd2 e6 8. Ngf3 Be7 9. Ne5 0-0 10. 0-0 Rc8 11. Bg5 c4 12. Nxc6 Rxc6 13. Qc2 b5 14. f4 a5 15. a3 b4 16. axb4 axb4 17. e4 b3 18. Qb1 Ne8 19. Bxe7 Qxe7 20. Ra5 Qd8 21. Qa1 Nf6 22. e5 Ng4 23. Rf3 h5 24. Nf1 Rc8 25. h3 Nh6 26. Ne3 g6 27. Rf1 Ra8 28. Ra7 Qb8 29. Ra5 Qb7 30. Rxa8 Rxa8 31. Qd1 Ra2 32. Rf2 Qa8 33. Kh2 Ra1 34. Qf3 Re1 35. Re2 Qa1 36. Qf2 Rxe2 37. Qxe2 h4 38. Qf2 Kg7 39. Qxh4 Qxb2 40. Qf6+ Kg8 41. Ng4 Nxg4+ 42. hxg4 Qa3 43. Qd8+ Qf8 44. Qb6 Qe7 45. g5 Kg7 46. Qb8 Qf8 47. Qb6 Qh8+ 48. Kg3 Qh1 49. Qd8 Qe1+ 50. Kg4 Qe2+ 51. Kg3 Qd3+ 52. Kh2 Qf5 53. Qb8 Qxf4+ 54. g3 Qxg5 55. Qb4 Qd2+ 56. Kh3 b2 57. Qb8 Qf2 58. Kh4 Qh2+ 59. Kg4 Qh5+ 60. Kf4 Qf5+ 0-1

[Event "Nova Gorica op 25th"]
[Site "Nova Gorica"]
[Date "2020.01.26"]
[Round "5"]
[White "Brinovec, David"]
[Black "Tratar, Marko"]
[Result "0-1"]
[WhiteElo "2279"]
[BlackElo "2444"]
[PlyCount "58"]
[EventDate "2020.01.24"]
[EventType "swiss"]
[EventRounds "9"]
[EventCountry "SLO"]
[SourceTitle "CBM 194"]
[Source "ChessBase"]
[SourceDate "2020.01.27"]
[SourceVersion "1"]
[SourceVersionDate "2020.01.27"]
[SourceQuality "1"]

1. d4 Nf6 2. Bf4 g6 3. Nc3 d5 4. e3 Bg7 5. h4 c6 6. Nf3 Bg4 7. Qd2 Bxf3 8. gxf3 e6 9. 0-0-0 h5 10. Kb1 Nbd7 11. e4 a6 12. Bg5 Qc7 13. Bh3 b5 14. Rhe1 0-0 15. e5 Nh7 16. Be7 Nxe5 17. Bxf8 Nc4 18. Qd3 Nxf8 19. Ne2 c5 20. c3 a5 21. f4 b4 22. Rc1 Rb8 23. Ka1 a4 24. cxb4 Rxb4 25. Rc2 Qb6 26. Rb1 Rb3 27. Rc3 Rxb2 28. Bf1 cxd4 29. Rcc1 Nd7 0-1

[Event "EU-ch rapid U18"]
[Site "Tallinn"]
[Date "2019.11.01"]
[Round "2"]
[White "Brinovec, David"]
[Black "Pultinevicius, Paulius"]
[Result "0-1"]
[WhiteElo "2260"]
[BlackElo "2499"]
[PlyCount "78"]
[EventDate "2019.11.01"]
[EventType "swiss (rapid)"]
[EventRounds "9"]
[EventCountry "EST"]
[SourceTitle "CBM 193 Extra"]
[Source "ChessBase"]
[SourceDate "2020.01.31"]
[SourceVersion "1"]
[SourceVersionDate "2020.01.31"]
[SourceQuality "1"]

1. d4 Nf6 2. Bf4 g6 3. Nc3 Bg7 4. e4 d6 5. Nf3 0-0 6. Qd2 Nc6 7. 0-0-0 Bg4 8. Qe3 Nd7 9. Bh6 e5 10. Bxg7 Kxg7 11. dxe5 dxe5 12. h3 Bxf3 13. gxf3 Nd4 14. f4 c5 15. fxe5 Nxe5 16. f4 Nec6 17. Kb1 Re8 18. h4 h5 19. Qg3 Nb4 20. Rh2 Qc7 21. a3 a5 22. Rg2 Rad8 23. axb4 axb4 24. Na2 Rxe4 25. Bd3 Nf5 26. Qg5 Rxf4 27. Rdg1 Nxh4 28. Rg3 c4 29. Be2 Rd2 30. Bxh5 b3 31. Nb4 bxc2+ 32. Kc1 Qd6 33. Nxc2 Rff2 34. Rc3 Qh2 35. Bd1 Nf3 36. Bxf3 Rxc2+ 37. Rxc2 Rxc2+ 38. Kd1 Rxb2 39. Ke1 Qf2+ 0-1

[Event "SLO-chT1 East"]
[Site "Slovenia"]
[Date "2019.09.22"]
[Round "6.3"]
[White "Mujacic, Haris"]
[Black "Brinovec, David"]
[Result "0-1"]
[WhiteElo "1972"]
[BlackElo "2210"]
[PlyCount "80"]
[EventDate "2019.09.06"]
[EventType "team-tourn"]
[EventRounds "9"]
[EventCountry "SLO"]
[SourceTitle "EXT 2020"]
[Source "ChessBase"]
[SourceDate "2019.10.17"]
[SourceVersion "1"]
[SourceVersionDate "2019.10.17"]
[SourceQuality "1"]
[WhiteTeam "Zagorje ob Savi"]
[BlackTeam "Zalec"]
[WhiteTeamCountry "SLO"]
[BlackTeamCountry "SLO"]

1. d4 d5 2. c4 e6 3. Nc3 Nf6 4. Nf3 c6 5. e3 Nbd7 6. Bd3 dxc4 7. Bxc4 b5 8. Bd3 Bb7 9. 0-0 a6 10. e4 b4 11. Na4 c5 12. d5 exd5 13. exd5 Bxd5 14. Re1+ Be7 15. Qe2 Kf8 16. b3 Bd6 17. Bb2 Qc7 18. Ne5 h5 19. h3 Re8 20. f4 Rg8 21. Bxa6 g5 22. Bb5 Re6 23. Qd3 Ba8 24. Nxd7+ Nxd7 25. Rxe6 fxe6 26. f5 Ne5 27. Qe2 g4 28. h4 Nf3+ 29. Kf1 Nxh4 30. Qxe6 Bxg2+ 31. Ke2 Qe7 32. Rc1 Nxf5 33. Qxe7+ Kxe7 34. Nxc5 Rc8 35. Nd3 Rxc1 36. Nxc1 h4 37. Ke1 h3 38. Bf1 Bg3+ 39. Ke2 Bf3+ 40. Kd2 h2 0-1

[Event "SLO-chT1 East"]
[Site "Slovenia"]
[Date "2019.09.07"]
[Round "2.4"]
[White "Brinovec, David"]
[Black "Buzeti, Jernej"]
[Result "1/2-1/2"]
[WhiteElo "2210"]
[BlackElo "2212"]
[PlyCount "80"]
[EventDate "2019.09.06"]
[EventType "team-tourn"]
[EventRounds "9"]
[EventCountry "SLO"]
[SourceTitle "EXT 2020"]
[Source "ChessBase"]
[SourceDate "2019.10.17"]
[SourceVersion "1"]
[SourceVersionDate "2019.10.17"]
[SourceQuality "1"]
[WhiteTeam "Zalec"]
[BlackTeam "Maribor II"]
[WhiteTeamCountry "SLO"]
[BlackTeamCountry "SLO"]

1. e4 c5 2. c3 Nf6 3. e5 Nd5 4. g3 Nc6 5. Bg2 e6 6. Nf3 d6 7. exd6 Bxd6 8. d4 cxd4 9. Nxd4 Nxd4 10. Qxd4 Qf6 11. Qxf6 Nxf6 12. Nd2 Rb8 13. a4 Bd7 14. Nc4 Bc7 15. Be3 b6 16. Bd4 Ke7 17. Ne5 Bxe5 18. Bxe5 Rbc8 19. a5 Rc5 20. Bd4 Rxa5 21. Rxa5 bxa5 22. Bc5+ Kd8 23. Bxa7 Kc7 24. Bd4 Bc6 25. f3 Nd7 26. Kd2 e5 27. Be3 a4 28. Ra1 Rb8 29. Kc2 Bd5 30. Bf1 Bb3+ 31. Kd2 Kc6 32. c4 Nc5 33. Kc3 Rd8 34. Re1 f6 35. Bc1 Bd1 36. f4 e4 37. Be3 Bf3 38. Ra1 Bd1 39. f5 h6 40. h3 Rd7 1/2-1/2

[Event "SLO-chT U20"]
[Site "Dobrna"]
[Date "2019.08.28"]
[Round "3.5"]
[White "Brinovec, David"]
[Black "Murko, Tadej"]
[Result "1-0"]
[WhiteElo "2180"]
[BlackElo "1480"]
[PlyCount "49"]
[EventDate "2019.08.27"]
[EventType "team-tourn"]
[EventRounds "7"]
[EventCountry "SLO"]
[SourceTitle "EXT 2020"]
[Source "ChessBase"]
[SourceDate "2019.10.17"]
[SourceVersion "1"]
[SourceVersionDate "2019.10.17"]
[SourceQuality "1"]

1. d4 d5 2. Bf4 Nf6 3. e3 e6 4. Nd2 c5 5. c3 Nc6 6. Ngf3 Be7 7. Bd3 0-0 8. Ne5 c4 9. Bc2 Nxe5 10. dxe5 Nd7 11. Qh5 f5 12. g4 g6 13. Qh6 Nc5 14. gxf5 exf5 15. 0-0-0 Rf7 16. Nxc4 Ne4 17. Bxe4 fxe4 18. Nd6 Bxd6 19. Rxd5 Bd7 20. Rxd6 Qa5 21. Kb1 Rd8 22. Rhd1 Qb5 23. e6 Rg7 24. Bg5 Rf8 25. exd7 1-0

[Event "EU-ch U18"]
[Site "Bratislava"]
[Date "2019.08.10"]
[Round "9"]
[White "Brinovec, David"]
[Black "Kozak, Antoni"]
[Result "0-1"]
[WhiteElo "2180"]
[BlackElo "2354"]
[PlyCount "72"]
[EventDate "2019.08.02"]
[EventType "swiss"]
[EventRounds "9"]
[EventCountry "SVK"]
[SourceTitle "CBM 191 Extra"]
[Source "ChessBase"]
[SourceDate "2019.09.30"]
[SourceVersion "1"]
[SourceVersionDate "2019.09.30"]
[SourceQuality "1"]

1. d4 d5 2. Bf4 c5 3. e3 Nc6 4. c3 Nf6 5. Nd2 cxd4 6. exd4 Bf5 7. Be2 e6 8. g4 Bg6 9. h4 h5 10. g5 Ne4 11. Qb3 Bd6 12. Nh3 Qc7 13. Bxd6 Qxd6 14. 0-0-0 0-0 15. Nxe4 Bxe4 16. Rhg1 g6 17. Rg3 Rab8 18. Bd3 Bxd3 19. Rdxd3 b5 20. Kb1 b4 21. Qd1 Ne7 22. Rgf3 Nf5 23. Nf4 bxc3 24. Rxc3 Rb4 25. Ne2 Nxh4 26. Rh3 Nf5 27. Qh1 Rfb8 28. b3 Nxd4 29. Nxd4 Rxd4 30. Rxh5 gxh5 31. Qxh5 Qe5 32. Rh3 Qe1+ 33. Kb2 Qd2+ 34. Kb1 Qe1+ 35. Kb2 Rd2+ 36. Ka3 Qc1+ 0-1

[Event "EU-ch U18"]
[Site "Bratislava"]
[Date "2019.08.08"]
[Round "7"]
[White "Brinovec, David"]
[Black "Fus, Jakub"]
[Result "1/2-1/2"]
[WhiteElo "2180"]
[BlackElo "2357"]
[PlyCount "92"]
[EventDate "2019.08.02"]
[EventType "swiss"]
[EventRounds "9"]
[EventCountry "SVK"]
[SourceTitle "CBM 191 Extra"]
[Source "ChessBase"]
[SourceDate "2019.09.30"]
[SourceVersion "1"]
[SourceVersionDate "2019.09.30"]
[SourceQuality "1"]

1. e4 c6 2. d4 d5 3. exd5 cxd5 4. c4 Nf6 5. Nc3 e6 6. Nf3 Bb4 7. Bd3 dxc4 8. Bxc4 0-0 9. 0-0 b6 10. Qe2 Bb7 11. Bg5 Bxc3 12. bxc3 Nbd7 13. Rac1 Qc7 14. Bd3 Rac8 15. c4 Rfe8 16. Ne5 Nxe5 17. dxe5 Qc6 18. f3 Nd7 19. c5 bxc5 20. Rfd1 Qc7 21. f4 Bd5 22. Bxh7+ Kxh7 23. Qh5+ Kg8 24. Rc3 f6 25. exf6 Nxf6 26. Bxf6 Qf7 27. Qxf7+ Kxf7 28. Be5 Re7 29. Rg3 Rg8 30. Bd6 Rb7 31. Bxc5 Bxa2 32. Ra1 Bd5 33. Rxa7 Rxa7 34. Bxa7 Rc8 35. h4 g6 36. Bd4 Rc2 37. Kh2 Be4 38. Be5 Ra2 39. Rg5 Rc2 40. Kh3 Rc1 41. g4 Rg1 42. h5 gxh5 43. gxh5 Rxg5 44. fxg5 Bf5+ 45. Kh4 Bb1 46. g6+ Bxg6 1/2-1/2

[Event "EU-ch U18"]
[Site "Bratislava"]
[Date "2019.08.04"]
[Round "3"]
[White "Brinovec, David"]
[Black "Blohberger, Felix"]
[Result "0-1"]
[WhiteElo "2180"]
[BlackElo "2467"]
[PlyCount "84"]
[EventDate "2019.08.02"]
[EventType "swiss"]
[EventRounds "9"]
[EventCountry "SVK"]
[SourceTitle "CBM 191 Extra"]
[Source "ChessBase"]
[SourceDate "2019.09.30"]
[SourceVersion "1"]
[SourceVersionDate "2019.09.30"]
[SourceQuality "1"]

1. d4 Nf6 2. Nc3 d5 3. Bf4 c5 4. e3 cxd4 5. exd4 a6 6. Nf3 Nc6 7. h3 e6 8. Bd3 Bd6 9. Qd2 Qc7 10. Bxd6 Qxd6 11. 0-0 0-0 12. Qe3 Bd7 13. Ne5 Qb4 14. Ne2 Ne7 15. c3 Qb6 16. Rab1 Bb5 17. Bc2 Qc7 18. Rfe1 Bxe2 19. Rxe2 Nd7 20. f4 Rae8 21. Rf1 Nf5 22. Qd3 Nf6 23. Qf3 Nd6 24. Rc1 b5 25. b3 Rc8 26. Bb1 Qa7 27. a3 a5 28. Qe3 Rc7 29. g4 Rfc8 30. g5 Nfe4 31. Bxe4 dxe4 32. Rec2 a4 33. b4 Qb7 34. Re2 Qd5 35. c4 bxc4 36. Rec2 Nf5 37. Qc3 Qxd4+ 38. Qxd4 Nxd4 39. b5 Nxc2 40. Rxc2 Rb8 41. Rd2 c3 42. b6 cxd2 0-1

[Event "Portoroz op 13th"]
[Site "Portoroz"]
[Date "2019.07.11"]
[Round "7"]
[White "Brinovec, David"]
[Black "Fercec, Nenad"]
[Result "0-1"]
[WhiteElo "2205"]
[BlackElo "2446"]
[PlyCount "86"]
[EventDate "2019.07.06"]
[EventType "swiss"]
[EventRounds "9"]
[EventCountry "SLO"]
[SourceTitle "CBM 191 Extra"]
[Source "ChessBase"]
[SourceDate "2019.09.30"]
[SourceVersion "1"]
[SourceVersionDate "2019.09.30"]
[SourceQuality "1"]

1. d4 Nf6 2. Bf4 g6 3. Nc3 d5 4. e3 Bg7 5. h4 h5 6. Nf3 0-0 7. Ne5 c5 8. Be2 Nc6 9. Qd2 Nd7 10. Nxc6 bxc6 11. g4 hxg4 12. Bxg4 e5 13. dxe5 Nxe5 14. Be2 Rb8 15. 0-0-0 Qa5 16. a3 Be6 17. Rdg1 Rxb2 18. Kxb2 Rb8+ 19. Kc1 Qxa3+ 20. Kd1 Qa1+ 21. Qc1 Qxc3 22. Bxe5 Bxe5 23. h5 Bf5 24. Bg4 Bd3 25. f4 Rb2 26. Rh2 Ra2 27. fxe5 Ra1 28. Rgg2 Rxc1+ 29. Kxc1 Be4 30. hxg6 Bxg2 31. gxf7+ Kf8 32. Rxg2 Qxe3+ 33. Kb1 Qxe5 34. Bd7 Qe1+ 35. Kb2 Qb4+ 36. Kc1 Qf4+ 37. Kb2 Kxf7 38. Re2 Qd6 39. Bh3 c4 40. c3 Qb8+ 41. Kc1 Qg3 42. Be6+ Kf6 43. Kb2 Qf3 0-1